000 00473 a2200157 4500
001 149625
040 _cEscola São Tomás de Aquino
100 _aPAOLA, Tomie de
240 1 0 _aStrega Nona a avó feiticeira
_lpor
245 1 0 _aStrega Nona a avó feiticeira
300 _a2
362 0 _a1995
440 1 _aBest print
697 _aHistórias de bruxas, centauros, fadas, duendes, deuses, sereias, ogres, vampiros, feiticeiros, mágicos
942 _cBK
999 _c149625
_d149625